<?xml version="1.0" encoding="UTF-8"?>
<record
    xmlns:xsi="http://www.w3.org/2001/XMLSchema-instance"
    xsi:schemaLocation="http://www.loc.gov/MARC21/slim http://www.loc.gov/standards/marcxml/schema/MARC21slim.xsd"
    xmlns="http://www.loc.gov/MARC21/slim">

  <leader>00641nam a22002177a 4500</leader>
  <controlfield tag="003">OSt</controlfield>
  <controlfield tag="005">20260615173728.0</controlfield>
  <controlfield tag="008">260612b        |||||||| |||| 00| 0 eng d</controlfield>
  <datafield tag="020" ind1=" " ind2=" ">
    <subfield code="a">9789358542042</subfield>
  </datafield>
  <datafield tag="082" ind1=" " ind2=" ">
    <subfield code="a">572.8</subfield>
    <subfield code="b">F26T</subfield>
  </datafield>
  <datafield tag="100" ind1=" " ind2=" ">
    <subfield code="a">Fatmi, Amjad </subfield>
  </datafield>
  <datafield tag="245" ind1=" " ind2=" ">
    <subfield code="a">Tools and techniques in molecular biology </subfield>
    <subfield code="c">by Amjad Fatmi and D S Ruby </subfield>
  </datafield>
  <datafield tag="260" ind1=" " ind2=" ">
    <subfield code="a">Meerut</subfield>
    <subfield code="b">Pragati Prakashan </subfield>
    <subfield code="c">2024</subfield>
  </datafield>
  <datafield tag="300" ind1=" " ind2=" ">
    <subfield code="a">iv; 236p.</subfield>
    <subfield code="b">Paperback </subfield>
  </datafield>
  <datafield tag="546" ind1=" " ind2=" ">
    <subfield code="a">English</subfield>
  </datafield>
  <datafield tag="650" ind1=" " ind2=" ">
    <subfield code="2">Molecular Biology&#x2014;Technique</subfield>
  </datafield>
  <datafield tag="650" ind1=" " ind2=" ">
    <subfield code="2">Molecular Biology&#x2014;Methodology</subfield>
  </datafield>
  <datafield tag="650" ind1=" " ind2=" ">
    <subfield code="2">Molecular Biology&#x2014;Laboratory Manuals</subfield>
  </datafield>
  <datafield tag="700" ind1=" " ind2=" ">
    <subfield code="a">Ruby, D S </subfield>
  </datafield>
  <datafield tag="942" ind1=" " ind2=" ">
    <subfield code="2">ddc</subfield>
    <subfield code="c">BK</subfield>
  </datafield>
  <datafield tag="999" ind1=" " ind2=" ">
    <subfield code="c">29550</subfield>
    <subfield code="d">29550</subfield>
  </datafield>
  <datafield tag="952" ind1=" " ind2=" ">
    <subfield code="0">0</subfield>
    <subfield code="1">0</subfield>
    <subfield code="2">ddc</subfield>
    <subfield code="4">0</subfield>
    <subfield code="7">0</subfield>
    <subfield code="8">TXB</subfield>
    <subfield code="a">CURAJ</subfield>
    <subfield code="b">CURAJ</subfield>
    <subfield code="c">BCH</subfield>
    <subfield code="d">2026-06-12</subfield>
    <subfield code="e">Technical Bureau </subfield>
    <subfield code="g">360.00</subfield>
    <subfield code="i">3985/09.03.2026</subfield>
    <subfield code="l">0</subfield>
    <subfield code="o">572.8 F26T</subfield>
    <subfield code="p">049605</subfield>
    <subfield code="r">2026-06-12</subfield>
    <subfield code="w">2026-06-12</subfield>
    <subfield code="y">BK</subfield>
  </datafield>
  <datafield tag="952" ind1=" " ind2=" ">
    <subfield code="0">0</subfield>
    <subfield code="1">0</subfield>
    <subfield code="2">ddc</subfield>
    <subfield code="4">0</subfield>
    <subfield code="7">0</subfield>
    <subfield code="8">TXB</subfield>
    <subfield code="a">CURAJ</subfield>
    <subfield code="b">CURAJ</subfield>
    <subfield code="c">BCH</subfield>
    <subfield code="d">2026-06-12</subfield>
    <subfield code="e">Technical Bureau </subfield>
    <subfield code="g">360.00</subfield>
    <subfield code="i">3985/09.03.2026</subfield>
    <subfield code="l">0</subfield>
    <subfield code="o">572.8 F26T</subfield>
    <subfield code="p">049606</subfield>
    <subfield code="r">2026-06-12</subfield>
    <subfield code="w">2026-06-12</subfield>
    <subfield code="y">BK</subfield>
  </datafield>
  <datafield tag="952" ind1=" " ind2=" ">
    <subfield code="0">0</subfield>
    <subfield code="1">0</subfield>
    <subfield code="2">ddc</subfield>
    <subfield code="4">0</subfield>
    <subfield code="7">0</subfield>
    <subfield code="8">TXB</subfield>
    <subfield code="a">CURAJ</subfield>
    <subfield code="b">CURAJ</subfield>
    <subfield code="c">BCH</subfield>
    <subfield code="d">2026-06-12</subfield>
    <subfield code="e">Technical Bureau </subfield>
    <subfield code="g">360.00</subfield>
    <subfield code="i">3985/09.03.2026</subfield>
    <subfield code="l">0</subfield>
    <subfield code="o">572.8 F26T</subfield>
    <subfield code="p">049607</subfield>
    <subfield code="r">2026-06-12</subfield>
    <subfield code="w">2026-06-12</subfield>
    <subfield code="y">BK</subfield>
  </datafield>
  <datafield tag="952" ind1=" " ind2=" ">
    <subfield code="0">0</subfield>
    <subfield code="1">0</subfield>
    <subfield code="2">ddc</subfield>
    <subfield code="4">0</subfield>
    <subfield code="7">0</subfield>
    <subfield code="8">TXB</subfield>
    <subfield code="a">CURAJ</subfield>
    <subfield code="b">CURAJ</subfield>
    <subfield code="c">BCH</subfield>
    <subfield code="d">2026-06-12</subfield>
    <subfield code="e">Technical Bureau </subfield>
    <subfield code="g">360.00</subfield>
    <subfield code="i">3985/09.03.2026</subfield>
    <subfield code="l">0</subfield>
    <subfield code="o">572.8 F26T</subfield>
    <subfield code="p">049608</subfield>
    <subfield code="r">2026-06-12</subfield>
    <subfield code="w">2026-06-12</subfield>
    <subfield code="y">BK</subfield>
  </datafield>
  <datafield tag="952" ind1=" " ind2=" ">
    <subfield code="0">0</subfield>
    <subfield code="1">0</subfield>
    <subfield code="2">ddc</subfield>
    <subfield code="4">0</subfield>
    <subfield code="7">0</subfield>
    <subfield code="8">TXB</subfield>
    <subfield code="a">CURAJ</subfield>
    <subfield code="b">CURAJ</subfield>
    <subfield code="c">BCH</subfield>
    <subfield code="d">2026-06-12</subfield>
    <subfield code="e">Technical Bureau </subfield>
    <subfield code="g">360.00</subfield>
    <subfield code="i">3985/09.03.2026</subfield>
    <subfield code="l">0</subfield>
    <subfield code="o">572.8 F26T</subfield>
    <subfield code="p">049609</subfield>
    <subfield code="r">2026-06-12</subfield>
    <subfield code="w">2026-06-12</subfield>
    <subfield code="y">BK</subfield>
  </datafield>
  <datafield tag="952" ind1=" " ind2=" ">
    <subfield code="0">0</subfield>
    <subfield code="1">0</subfield>
    <subfield code="2">ddc</subfield>
    <subfield code="4">0</subfield>
    <subfield code="7">0</subfield>
    <subfield code="8">TXB</subfield>
    <subfield code="a">CURAJ</subfield>
    <subfield code="b">CURAJ</subfield>
    <subfield code="c">BTH</subfield>
    <subfield code="d">2026-06-15</subfield>
    <subfield code="e">Technical Bureau </subfield>
    <subfield code="g">360.00</subfield>
    <subfield code="i">3791/27.02.2026</subfield>
    <subfield code="l">0</subfield>
    <subfield code="o">572.8 F26T</subfield>
    <subfield code="p">049704</subfield>
    <subfield code="r">2026-06-15</subfield>
    <subfield code="w">2026-06-15</subfield>
    <subfield code="y">BK</subfield>
  </datafield>
  <datafield tag="952" ind1=" " ind2=" ">
    <subfield code="0">0</subfield>
    <subfield code="1">0</subfield>
    <subfield code="2">ddc</subfield>
    <subfield code="4">0</subfield>
    <subfield code="7">0</subfield>
    <subfield code="8">TXB</subfield>
    <subfield code="a">CURAJ</subfield>
    <subfield code="b">CURAJ</subfield>
    <subfield code="c">BTH</subfield>
    <subfield code="d">2026-06-15</subfield>
    <subfield code="e">Technical Bureau </subfield>
    <subfield code="g">360.00</subfield>
    <subfield code="i">3791/27.02.2026</subfield>
    <subfield code="l">0</subfield>
    <subfield code="o">572.8 F26T</subfield>
    <subfield code="p">049705</subfield>
    <subfield code="r">2026-06-15</subfield>
    <subfield code="w">2026-06-15</subfield>
    <subfield code="y">BK</subfield>
  </datafield>
  <datafield tag="952" ind1=" " ind2=" ">
    <subfield code="0">0</subfield>
    <subfield code="1">0</subfield>
    <subfield code="2">ddc</subfield>
    <subfield code="4">0</subfield>
    <subfield code="7">0</subfield>
    <subfield code="8">TXB</subfield>
    <subfield code="a">CURAJ</subfield>
    <subfield code="b">CURAJ</subfield>
    <subfield code="c">BTH</subfield>
    <subfield code="d">2026-06-15</subfield>
    <subfield code="e">Technical Bureau </subfield>
    <subfield code="g">360.00</subfield>
    <subfield code="i">3791/27.02.2026</subfield>
    <subfield code="l">0</subfield>
    <subfield code="o">572.8 F26T</subfield>
    <subfield code="p">049706</subfield>
    <subfield code="r">2026-06-15</subfield>
    <subfield code="w">2026-06-15</subfield>
    <subfield code="y">BK</subfield>
  </datafield>
  <datafield tag="952" ind1=" " ind2=" ">
    <subfield code="0">0</subfield>
    <subfield code="1">0</subfield>
    <subfield code="2">ddc</subfield>
    <subfield code="4">0</subfield>
    <subfield code="7">0</subfield>
    <subfield code="8">TXB</subfield>
    <subfield code="a">CURAJ</subfield>
    <subfield code="b">CURAJ</subfield>
    <subfield code="c">BTH</subfield>
    <subfield code="d">2026-06-15</subfield>
    <subfield code="e">Technical Bureau </subfield>
    <subfield code="g">360.00</subfield>
    <subfield code="i">3791/27.02.2026</subfield>
    <subfield code="l">0</subfield>
    <subfield code="o">572.8 F26T</subfield>
    <subfield code="p">049707</subfield>
    <subfield code="r">2026-06-15</subfield>
    <subfield code="w">2026-06-15</subfield>
    <subfield code="y">BK</subfield>
  </datafield>
  <datafield tag="952" ind1=" " ind2=" ">
    <subfield code="0">0</subfield>
    <subfield code="1">0</subfield>
    <subfield code="2">ddc</subfield>
    <subfield code="4">0</subfield>
    <subfield code="7">0</subfield>
    <subfield code="8">TXB</subfield>
    <subfield code="a">CURAJ</subfield>
    <subfield code="b">CURAJ</subfield>
    <subfield code="c">BTH</subfield>
    <subfield code="d">2026-06-15</subfield>
    <subfield code="e">Technical Bureau </subfield>
    <subfield code="g">360.00</subfield>
    <subfield code="i">3791/27.02.2026</subfield>
    <subfield code="l">0</subfield>
    <subfield code="o">572.8 F26T</subfield>
    <subfield code="p">049708</subfield>
    <subfield code="r">2026-06-15</subfield>
    <subfield code="w">2026-06-15</subfield>
    <subfield code="y">BK</subfield>
  </datafield>
</record>
